000 00340nam a2200145Ia 4500
008 230917s9999||||xx |||||||||||||| ||und||
040 _e47975
_aMAIN
041 _aEnglish
082 _a822.33 S15G:S
100 _aGrose, Kenneth H
245 0 _aShakespeare
260 _aLondon
_bEvans Brothers
_c1965
300 _a160 p.
942 _cBK
999 _c195224
_d195224